50 Most Famous Cities in Romania on a Map - Statistics

General Stats
  • This quiz has been taken 145 times
  • The average score is 25 of 50
Answers on the Map
Answers color-coded by a green-red scale on the quiz's map according to % correct below.
 
Answer Stats
Wiki Monthly Views Cityquiz Mention Rate Population Answers % Correct
190.72K 51.90% 1716.96K Bucharest
100%
75.09K 16.09% 286.60K Cluj-Napoca
94%
46.60K 8.23% 271.69K Iași
91%
49.44K 9.54% 263.69K Constanța
89%
64.85K 10.34% 250.85K Timișoara
89%
52.33K 6.30% 237.59K Brașov
80%
20.31K 3.72% 217.85K Galați
76%
20.73K 3.66% 145.08K Arad
71%
22.49K 4.74% 234.14K Craiova
69%
44.89K 3.29% 134.31K Sibiu
68%
30.27K 3.29% 183.10K Oradea
67%
16.68K 3.04% 180.54K Ploiești
65%
15.32K 2.67% 91.52K Satu Mare
62%
12.73K 1.98% 136.09K Bacău
58%
11.74K 1.94% 141.28K Pitești
58%
12.98K 1.78% 154.69K Brăila
56%
8.79K 1.52% 103.48K Buzău
56%
21.41K 2.70% 116.03K Târgu Mureș
56%
14.67K 4.02% 108.76K Baia Mare
55%
9.48K 1.56% 90.01K Botoșani
55%
16.55K 1.99% 84.32K Suceava
55%
9.69K 1.62% 65.62K Tulcea
53%
20.04K 1.65% 64.23K Alba Iulia
51%
22.25K 1.66% 66.97K Târgoviște
49%
10.97K 1.10% 79.86K Drobeta-Turnu Severin
48%
8.11K 1.40% 54.55K Giurgiu
47%
10.48K 0.98% 79.68K Piatra Neamț
47%
5.83K 1.10% 63.03K Vaslui
47%
9.57K 0.96% 50.46K Hunedoara
45%
8.35K 1.07% 73.55K Târgu Jiu
45%
8.61K 0.61% 53.11K Deva
44%
5.64K 0.38% 58.21K Călărași
43%
10.07K 1.11% 78.88K Bistrița
38%
7.12K 0.75% 58.39K Reșița
36%
23.53K 1.15% 23.93K Sighișoara
36%
6.37K 0.92% 63.49K Slatina
36%
6.06K 0.80% 52.36K Zalău
36%
7.90K 0.81% 93.15K Râmnicu Vâlcea
35%
7.36K 0.85% 66.65K Focșani
34%
9.52K 0.79% 50.08K Sfântu Gheorghe
33%
8.23K 0.28% 25.98K Curtea de Argeș
31%
8.94K 0.83% 31.95K Mangalia
30%
7.04K 0.78% 43.32K Turda
29%
7.04K 0.50% 39.51K Mediaș
27%
9.90K 0.77% 34.48K Miercurea Ciuc
27%
10.19K 0.50% 32.79K Sighetu Marmației
27%
12.31K 0.64% 9.07K Sinaia
27%
6.13K 0.51% 35.45K Lugoj
26%
6.61K 0.38% 31.34K Odorheiu Secuiesc
11%
6.81K 0.11% 3.79K Băile Herculane
10%
No matching quizzes found
Score Distribution
Percent of People with Each Score
Percentile by Number Answered
Your Score History
You have not taken this quiz